000 00491nam a2200193Ia 4500
005 20240823053137.0
008 240823s9999||||xx |||||||||||||| ||und||
020 _a978-93-325-0798-2
041 _aENGLISH
082 _A420 Q3
100 _aBhardwaj A P
245 0 _aGeneral English for Competitive Examinations
250 _a1st
260 _c2013
_bPearson Education Internat
500 _aYES
650 _aGeneral English for Bank PO
_bGeneral
942 _cBK
999 _c223502
_d223502